[Event "6th EICC"]
[Site "Warsaw POL"]
[Date "2005.06.29"]
[Round "11"]
[White "L'Ami,E"]
[Black "Luch,M"]
[Result "1-0"]
[WhiteElo "2515"]
[BlackElo "2417"]
[EventDate "2005.06.18"]

1. e4 e6 2. d4 d5 3. Nc3 Bb4 4. e5 c5 5. a3 Bxc3+ 6. bxc3 Qa5 7. Bd2 Qa4 8.
Qb1 c4 9. h4 f6 10. Nf3 Nc6 11. h5 fxe5 12. Nxe5 Nxe5 13. dxe5 Ne7 14. Be2
b6 15. O-O h6 16. Be3 Nf5 17. Bd4 O-O 18. g3 Ba6 19. Rd1 Rf7 20. Kg2 Bb7
21. Ra2 Raf8 22. Rf1 Qd7 23. a4 Qd8 24. Qc1 Bc6 25. Qd2 Qe7 26. Bg4 Qd7 27.
a5 b5 28. a6 Rb8 29. Bxf5 exf5 30. f4 Qe6 31. Kf2 Re8 32. Qe3 Qd7 33. Ke2
Kh7 34. Raa1 Kg8 35. Rf2 Kh8 36. Kd2 Ree7 37. Raf1 b4 38. g4 b3 39. g5 Re6
40. Rg2 bxc2 41. Rfg1 Qc8 42. gxh6 Rxh6 43. e6 Qxe6 44. Qxe6 Rxe6 45. Rxg7
Rxg7 46. Rxg7 Rh6 47. Kxc2 Ba4+ 48. Kc1 Bb3 49. Kb2 Bd1 50. Rxa7+ Kg8 51.
Rg7+ Kf8 52. a7 Ra6 53. h6 1-0

[Event "6th EICC"]
[Site "Warsaw POL"]
[Date "2005.06.29"]
[Round "11"]
[White "Guseinov,El"]
[Black "Mamedov,Rau"]
[Result "0-1"]
[WhiteElo "2391"]
[BlackElo "2511"]
[EventDate "2005.06.18"]

1. d4 Nf6 2. c4 g6 3. Nf3 Bg7 4. g3 O-O 5. Bg2 d6 6. O-O Nbd7 7. Qc2 e5 8.
Nc3 exd4 9. Nxd4 Nb6 10. b3 c5 11. Ndb5 a6 12. Na3 Bf5 13. Qd2 d5 14. Bb2
d4 15. Ncb1 Qe7 16. Re1 Rfe8 17. Qa5 Nc8 18. Nd2 Bh6 19. Nf1 Ne4 20. Nb1 b6
21. Qa4 Bd7 22. Qa3 Ncd6 23. Bc1 Bg7 24. Bb2 Nb5 25. cxb5 axb5 26. Qxa8
Rxa8 27. Nbd2 f5 28. Nf3 Bc6 0-1

[Event "6th EICC"]
[Site "Warsaw POL"]
[Date "2005.06.29"]
[Round "11"]
[White "Zaja,I"]
[Black "Kuljasevic,D"]
[Result "1/2-1/2"]
[WhiteElo "2489"]
[BlackElo "2408"]
[EventDate "2005.06.18"]

1. d4 d5 2. c4 c6 3. Nf3 Nf6 4. Nc3 dxc4 5. a4 Bf5 6. Nh4 Bg4 7. h3 Bh5 8.
g4 Bg6 9. Nxg6 hxg6 10. e3 e6 11. Bxc4 Bb4 12. Bd2 Nbd7 13. Bf1 Qa5 14. Bg2
Rd8 15. O-O e5 16. g5 Nh7 17. Qg4 O-O 18. Rad1 exd4 19. exd4 Nb6 20. Rfe1
Rfe8 21. h4 Nf8 22. Rxe8 Rxe8 23. h5 gxh5 24. Qxh5 Nc4 25. Bc1 Nxb2 26.
Bxb2 Bxc3 27. Ba3 Ne6 28. d5 Nf4 29. Qg4 Qxa4 30. Bf3 cxd5 31. Bc1 Be5 32.
Rxd5 Qc4 33. Rd1 Qe6 34. Qxe6 Nxe6 35. Bxb7 Bf4 36. g6 Bxc1 37. Rxc1 fxg6
38. Bd5 Kf7 39. Ra1 Re7 40. Ra6 1/2-1/2

[Event "6th EICC"]
[Site "Warsaw POL"]
[Date "2005.06.29"]
[Round "11"]
[White "Marzolo,C"]
[Black "Kovchan,A"]
[Result "*"]
[WhiteElo "2388"]
[BlackElo "2488"]
[EventDate "2005.06.18"]

1. d4 Nf6 2. c4 g6 3. Nc3 d5 4. Bf4 Bg7 5. Qa4+ Bd7 6. Qb3 Nc6 7. e3 Na5 8.
Qb4 Nxc4 9. Bxc4 dxc4 10. Qxb7 c5 11. dxc5 Qc8 12. Qb4 Qa6 13. Nf3 O-O 14.
Nd2 Be6 15. h3 Nd7 16. Rc1 Rfc8 17. O-O Nxc5 18. Nde4 Nxe4 19. Nxe4 Bf5 20.
Qxe7 Bxe4 21. Qxe4 Bxb2 22. Rc2 Bg7 23. Rd1 c3 24. Rd7 Qb5 25. Qd5 Qxd5 26.
Rxd5 Rc4 27. Rb5 h5 28. Kf1 Re8 29. Bd6 a6 30. Rb4 Rec8 31. Rb6 a5 *

[Event "6th EICC"]
[Site "Warsaw POL"]
[Date "2005.06.29"]
[Round "11"]
[White "Firman,N"]
[Black "Krysztofiak,M"]
[Result "1-0"]
[WhiteElo "2471"]
[BlackElo "2401"]
[EventDate "2005.06.18"]

1. e4 c6 2. d4 d5 3. e5 Bf5 4. h4 h6 5. g4 Bd7 6. Be3 e6 7. Nd2 c5 8. c3
cxd4 9. cxd4 Qb6 10. Ngf3 Bb5 11. h5 Bb4 12. Bxb5+ Qxb5 13. Qe2 Qd7 14.
O-O-O Bxd2+ 15. Nxd2 Ne7 16. Kb1 Nbc6 17. Nb3 b6 18. Rc1 a5 19. Rc3 a4 20.
Nd2 Na7 21. Nf3 Nb5 22. Rcc1 Rc8 23. Rxc8+ Nxc8 24. Bd2 Nc7 25. Rc1 Na7 26.
Bb4 Qb5 27. Qd2 Na6 28. Ba3 Nc6 29. Ka1 Kd7 30. Qf4 Nd8 31. Bd6 Qe2 32. Nd2
b5 33. a3 Re8 34. f3 f6 35. exf6 gxf6 36. Bb4 Nb7 37. Nb1 Qd3 38. Be1 e5
39. Qxf6 1-0

[Event "6th EICC"]
[Site "Warsaw POL"]
[Date "2005.06.29"]
[Round "11"]
[White "Kristjansson,St"]
[Black "Lagowski,P"]
[Result "1/2-1/2"]
[WhiteElo "2461"]
[BlackElo "2393"]
[EventDate "2005.06.18"]

1. e4 c5 2. Nf3 d6 3. d4 cxd4 4. Nxd4 Nf6 5. Nc3 a6 6. Bg5 e6 7. f4 Nc6 8.
e5 h6 9. Bh4 g5 10. fxg5 Nd5 11. Nxd5 exd5 12. Nxc6 bxc6 13. exd6 hxg5 14.
Qe2+ Be6 15. Bg3 Bxd6 16. Bxd6 Qxd6 17. g3 Rb8 18. O-O-O a5 19. Qe3 g4 20.
Qc3 Kd7 21. a3 Ra8 22. Bc4 Rh5 23. Rd2 Qe5 24. Qxe5 Rxe5 25. Rf1 Rh8 26.
Bd3 Kd6 27. b4 axb4 28. axb4 Reh5 29. Rff2 Kc7 30. c3 Ra8 31. Kb2 Kb6 32.
Bc2 Re5 1/2-1/2

[Event "6th EICC"]
[Site "Warsaw POL"]
[Date "2005.06.29"]
[Round "11"]
[White "Khmelniker,I"]
[Black "Dworakowska,J"]
[Result "1-0"]
[WhiteElo "2458"]
[BlackElo "2383"]
[EventDate "2005.06.18"]

1. d4 Nf6 2. c4 g6 3. Nc3 Bg7 4. e4 d6 5. f4 O-O 6. Nf3 c5 7. d5 e6 8. Be2
exd5 9. cxd5 Bg4 10. O-O Nbd7 11. Re1 Re8 12. Bf1 a6 13. a4 Nh5 14. h3 Bxf3
15. Qxf3 Qh4 16. Be3 f5 17. exf5 gxf5 18. Kh2 Ndf6 19. Bf2 Qxf4+ 20. Qxf4
Nxf4 21. g3 Ng6 22. Re6 Rxe6 23. dxe6 Ne5 24. Rd1 Bf8 25. Bg2 Rb8 26. Nd5
Nxd5 27. Bxd5 Be7 28. Be3 b5 29. axb5 axb5 30. Rf1 Nc4 31. Bh6 Nb6 32. Bc6
Bf8 33. Bg5 h6 34. Bh4 Rc8 35. Bxb5 Nd5 36. Rxf5 Ne7 37. Rf7 Rb8 38. Bd3
Rxb2+ 39. Kh1 Nd5 40. Bh7+ Kh8 41. Be4 Be7 42. Bxe7 1-0

[Event "6th EICC"]
[Site "Warsaw POL"]
[Date "2005.06.29"]
[Round "11"]
[White "Olszewski,Mi"]
[Black "Neubauer,M"]
[Result "1-0"]
[WhiteElo "2387"]
[BlackElo "2457"]
[EventDate "2005.06.18"]

1. e4 e6 2. d4 d5 3. Nc3 Nf6 4. e5 Nfd7 5. Nce2 c5 6. c3 cxd4 7. cxd4 f6 8.
f4 fxe5 9. fxe5 Qh4+ 10. Ng3 Bb4+ 11. Kf2 O-O+ 12. Nf3 Nc6 13. Be3 Ba5 14.
Kg1 Rxf3 15. gxf3 Bb6 16. f4 g5 17. fxg5 Ndxe5 18. Kg2 Ng4 19. Bg1 Qxg5 20.
Be2 Ne3+ 21. Bxe3 Qxe3 22. Rf1 Bd7 23. Bd3 Qh6 24. Qg4+ Kh8 25. Rf7 Rg8 26.
Qf4 1-0

[Event "6th EICC"]
[Site "Warsaw POL"]
[Date "2005.06.29"]
[Round "11"]
[White "Mazi,L"]
[Black "Heberla,B"]
[Result "0-1"]
[WhiteElo "2365"]
[BlackElo "2454"]
[EventDate "2005.06.18"]

1. e4 c5 2. Nf3 g6 3. d4 Bg7 4. Nc3 cxd4 5. Nxd4 Nc6 6. Nde2 d6 7. g3 h5 8.
h3 Bd7 9. Nf4 Nf6 10. Bc4 Ne5 11. Bb3 h4 12. g4 Nfxg4 13. hxg4 Bxg4 14. Qd5
h3 15. Be3 Qc8 16. Kd2 h2 17. Raf1 g5 18. Nd3 Be6 19. Qa5 Bh3 20. Rd1 b6
21. Qb4 Bg2 22. Qb5+ Kd8 23. Kc1 Nxd3+ 24. Qxd3 Bxh1 25. Rxh1 Qg4 26. Qd1
Qxd1+ 27. Kxd1 e6 28. Bxg5+ Kc7 29. Be3 Rag8 30. Ne2 Bxb2 31. c3 Bxc3 32.
Bf4 Be5 33. Bxe5 dxe5 34. Ng3 b5 35. Kd2 a5 36. Bd1 Kb6 37. Bf3 Rc8 38. Bh5
Rhd8+ 39. Ke2 Rc2+ 40. Kf3 Rxa2 41. Rxh2 b4 42. Rh1 Rd3+ 43. Kg2 Rdd2 0-1

[Event "6th EICC"]
[Site "Warsaw POL"]
[Date "2005.06.29"]
[Round "11"]
[White "Bednarek,S"]
[Black "Szoen,D"]
[Result "1-0"]
[WhiteElo "2321"]
[BlackElo "2444"]
[EventDate "2005.06.18"]

1. e4 g6 2. d4 c6 3. c4 Bg7 4. Nc3 d5 5. cxd5 cxd5 6. Bb5+ Bd7 7. Bxd7+
Qxd7 8. exd5 Nf6 9. Qb3 O-O 10. Nf3 b6 11. Bg5 Na6 12. O-O Nc7 13. Ne5 Qf5
14. Bh4 Rfe8 15. Bg3 Nh5 16. Rae1 Nf4 17. Re4 g5 18. Bxf4 gxf4 19. g3 Bh6
20. Nd3 f3 21. Ne5 Rad8 22. Qc4 Rc8 23. Qd3 Bg7 24. Qe3 f6 25. Nc6 Bf8 26.
Nxa7 Rcd8 27. Rf4 Qh5 28. g4 Qg6 29. Qxf3 Qc2 30. Nc6 Rd6 31. b3 Nxd5 32.
Nxd5 Qxc6 33. Rf5 Red8 34. Ne3 Qxf3 35. Rxf3 Rxd4 36. Kg2 b5 37. Rc1 Rd2
38. a4 bxa4 39. bxa4 Ra2 40. Rc7 Rxa4 41. h3 Rad4 42. Nf5 R4d7 43. Rc6 Kf7
44. Re3 Ra8 45. Rce6 Ra2 46. R3e4 Rda7 47. Kg3 R2a3+ 48. f3 Rc3 49. h4 Raa3
50. Ne3 Ra5 51. f4 Raa3 52. f5 h6 53. Kf4 Ra1 54. g5 h5 55. Rb4 Rh1 56. Kg3
Rf1 57. Rf4 Re1 58. Rfe4 Re2 59. Kf3 Rh2 60. Ra4 Rb3 61. gxf6 Rh3+ 62. Kf2
Rb2+ 63. Kg1 Rg3+ 64. Kf1 Rh3 65. Kg1 Rg3+ 66. Kf1 Rf3+ 67. Ke1 exf6 68.
Ra7+ Kg8 69. Ra8 Kf7 70. Ra7+ Kg8 71. Nd5 Rxf5 72. Nxf6+ Rxf6 73. Rxf6 Bc5
74. Rd7 Rg2 75. Rf5 1-0

[Event "6th EICC"]
[Site "Warsaw POL"]
[Date "2005.06.29"]
[Round "11"]
[White "Leniart,A"]
[Black "Thorfinnsson,Br"]
[Result "1-0"]
[WhiteElo "2279"]
[BlackElo "2442"]
[EventDate "2005.06.18"]

1. d4 Nf6 2. Nf3 g6 3. c4 Bg7 4. Nc3 d5 5. Bg5 Ne4 6. cxd5 Nxc3 7. bxc3
Qxd5 8. e3 c5 9. Bb5+ Nd7 10. c4 Qe6 11. O-O O-O 12. d5 Qd6 13. Bxd7 Qxd7
14. e4 Bxa1 15. Qxa1 f6 16. Bh6 Re8 17. e5 Qf5 18. d6 Be6 19. Rd1 exd6 20.
exf6 Bxc4 21. h4 Rad8 22. Bg7 Bf7 23. Qc1 Re4 24. Ng5 Rxh4 25. Re1 Qf4 26.
Qxf4 Rxf4 27. Re7 Bd5 28. Bh6 Rh4 29. Rg7+ Kf8 30. Nxh7+ 1-0

[Event "6th EICC"]
[Site "Warsaw POL"]
[Date "2005.06.29"]
[Round "11"]
[White "Kuraszkiewicz,M"]
[Black "Haznedaroglu,K"]
[Result "0-1"]
[WhiteElo "2300"]
[BlackElo "2440"]
[EventDate "2005.06.18"]

1. d4 Nf6 2. c4 e5 3. dxe5 Ng4 4. Nh3 Nxe5 5. e3 Bc5 6. Nf4 Nbc6 7. Be2 O-O
8. Nc3 d6 9. O-O a5 10. b3 Ne7 11. Bb2 N7g6 12. Nxg6 Nxg6 13. Qd2 Qh4 14.
Nb5 Bb6 15. Nc3 Bc5 16. Nb5 Qe7 17. Rad1 Nh4 18. g3 Nf5 19. Bf3 c6 20. Nd4
Bb4 21. Qd3 Nh6 22. a3 Bc5 23. Nc2 Rd8 24. b4 axb4 25. axb4 Bb6 26. Bg2 Ng4
27. Qc3 Nf6 28. Nd4 Bg4 29. Rd2 c5 30. Nb3 Ra4 31. bxc5 dxc5 32. Qc2 Rxd2
33. Nxd2 Ra7 34. Nb1 Qe6 35. Qb3 Be2 36. Rc1 Ba5 37. Bxb7 Bb4 38. Bg2 Qf5
39. e4 Qe6 40. Qc2 Bh5 41. e5 Bg6 42. Qd1 Nd7 43. Nc3 Qxe5 44. Nb5 Qxb2 45.
Nxa7 Bd2 46. Ra1 Bc2 47. Qf1 Bd3 48. Qd1 Bc3 49. Ra4 Be2 50. Nc6 g6 0-1

[Event "6th EICC"]
[Site "Warsaw POL"]
[Date "2005.06.29"]
[Round "11"]
[White "Siebrecht,S"]
[Black "Galazewski,T"]
[Result "1-0"]
[WhiteElo "2438"]
[BlackElo "2137"]
[EventDate "2005.06.18"]

1. c4 Nf6 2. Nc3 e5 3. g3 Bb4 4. Qc2 O-O 5. a3 Bxc3 6. Qxc3 Nc6 7. Nf3 d5
8. d3 e4 9. dxe4 dxe4 10. Ng5 Bf5 11. Bg2 Qd7 12. h4 h6 13. Nh3 Rad8 14.
Be3 Ng4 15. Nf4 Nxe3 16. fxe3 Qd6 17. O-O Bh7 18. b4 Qe5 19. Qb3 Rd2 20.
Rad1 Rb2 21. Qa4 Qc3 22. Qb5 Qxe3+ 23. Kh2 Rb3 24. Rd7 Nd4 25. Qd5 Qxg3+
26. Kg1 Nf5 27. Rd8 Qxh4 28. Rxf8+ Kxf8 29. Qxb7 Qd8 30. Qxa7 Kg8 31. Nd5
Rg3 32. Rf4 Bg6 33. Qxc7 Qg5 34. Rf2 e3 35. Qxg3 Qxg3 36. Rxf5 Bxf5 37.
Ne7+ Kf8 38. Nxf5 Qf2+ 1-0

[Event "6th EICC"]
[Site "Warsaw POL"]
[Date "2005.06.29"]
[Round "11"]
[White "Erturan,Y"]
[Black "Bakalarz,M"]
[Result "0-1"]
[WhiteElo "2277"]
[BlackElo "2408"]
[EventDate "2005.06.18"]

1. e4 e6 2. d4 d5 3. Nc3 Bb4 4. e5 c5 5. a3 Bxc3+ 6. bxc3 Ne7 7. h4 Qa5 8.
Bd2 Nbc6 9. h5 Qa4 10. Qb1 a6 11. Nf3 f6 12. Qb3 Qxb3 13. cxb3 fxe5 14.
dxe5 h6 15. Bd3 O-O 16. Ke2 a5 17. b4 c4 18. Bc2 Bd7 19. b5 Nd8 20. a4 b6
21. g4 Nb7 22. Rag1 Nc5 23. g5 hxg5 24. Nxg5 Nd3 25. h6 Rxf2+ 26. Kd1 g6
27. Nh3 Rxd2+ 28. Kxd2 Nxe5 29. Ng5 Rf8 30. Rf1 Nf5 31. Bxf5 gxf5 32. Re1
Nd3 33. Nxe6 Rf6 34. h7+ Kh8 35. Reg1 Bxe6 36. Rg7 Bf7 37. Rhg1 Ne5 38.
Rg8+ Kxh7 39. R8g7+ Kh6 40. R7g3 Bh5 41. Rh1 f4 42. Rg8 Nf7 43. Rc8 f3 44.
Rc6 Nd6 45. Ke3 Kg5 46. Kd4 f2 47. Rxb6 Nf5+ 48. Kc5 Rxb6 49. Kxb6 Ng3 50.
Rc1 d4 51. Kc5 d3 52. b6 Bf3 0-1

[Event "6th EICC"]
[Site "Warsaw POL"]
[Date "2005.06.29"]
[Round "11"]
[White "Guadalpi,D"]
[Black "Babujian,L"]
[Result "0-1"]
[WhiteElo "2317"]
[BlackElo "2386"]
[EventDate "2005.06.18"]

1. e4 c5 2. Nf3 e6 3. d4 cxd4 4. Nxd4 a6 5. Nc3 d6 6. Be3 b5 7. Qd2 Bb7 8.
f3 Ne7 9. O-O-O Nec6 10. Nb3 Nd7 11. Qf2 Rc8 12. Kb1 Be7 13. h4 Na5 14. h5
O-O 15. g4 b4 16. Na4 Nxb3 17. cxb3 Rc6 18. Rg1 Qc7 19. g5 d5 20. exd5 exd5
21. f4 Bd6 22. Bd3 d4 23. Bd2 Bc5 24. Rge1 a5 25. h6 gxh6 26. gxh6 Rxh6 27.
Rg1+ Kh8 28. Rc1 Qd6 29. Rg5 f5 30. Ka1 Qd5 31. Qg3 Ba6 32. Bxa6 Rxa6 33.
Qh3 Be7 34. Rh5 Rf7 35. Rh1 Nf8 36. Qd3 Re6 37. Rg1 Qe4 38. Qb5 Qe2 39.
Qxe2 Rxe2 40. Rd1 Rf6 41. Bc1 d3 42. Kb1 Rd6 43. Bd2 Rde6 44. a3 Rf6 45.
Rh3 Ng6 46. Rxd3 h5 47. Rc1 Rd6 48. Rc8+ Kg7 49. Kc2 h4 50. axb4 axb4 51.
Nc5 h3 52. Ra8 h2 53. Ra1 Rc6 54. Rh1 Bxc5 0-1

[Event "6th EICC"]
[Site "Warsaw POL"]
[Date "2005.06.29"]
[Round "11"]
[White "Asauskas,H"]
[Black "Bente,B"]
[Result "1-0"]
[WhiteElo "2357"]
[BlackElo "2218"]
[EventDate "2005.06.18"]

1. e4 c5 2. Nf3 d6 3. d4 cxd4 4. Nxd4 Nf6 5. Nc3 a6 6. Bc4 e6 7. Bb3 Nbd7
8. Bg5 Qa5 9. Qd2 Be7 10. O-O-O h6 11. Bf4 Nc5 12. Rhe1 O-O 13. Kb1 Rd8 14.
Bxh6 gxh6 15. Qxh6 Nh7 16. Re3 Bg5 17. Rg3 Nxb3 18. Nxb3 Qe5 19. f4 Qxf4
20. Qh5 Qf6 21. h4 Qf2 22. Rxg5+ Kh8 23. e5 d5 24. Ne4 1-0

[Event "6th EICC"]
[Site "Warsaw POL"]
[Date "2005.06.29"]
[Round "11"]
[White "Tazbir,M"]
[Black "Swiercz,D"]
[Result "1-0"]
[WhiteElo "2322"]
[BlackElo "2136"]
[EventDate "2005.06.18"]

1. e4 c5 2. Nf3 e6 3. d4 cxd4 4. Nxd4 a6 5. c4 Nf6 6. Nc3 Bb4 7. Bd3 Nc6 8.
Nc2 Bc5 9. O-O d6 10. Be2 Qc7 11. Be3 b6 12. Bg5 Bb7 13. a3 a5 14. Nb5 Qd7
15. Bxf6 gxf6 16. b3 Rg8 17. Kh1 Ke7 18. Rb1 Ne5 19. f3 d5 20. b4 axb4 21.
axb4 Bd6 22. cxd5 exd5 23. Ne3 Rxg2 24. Nxg2 Qh3 25. Nxd6 dxe4 26. Nxb7 1-0

[Event "6th EICC"]
[Site "Warsaw POL"]
[Date "2005.06.29"]
[Round "11"]
[White "Sergeev,Vl"]
[Black "Stoma,P"]
[Result "1-0"]
[WhiteElo "2458"]
[BlackElo "2295"]
[EventDate "2005.06.18"]

1. d4 Nf6 2. c4 c6 3. Nc3 d5 4. e3 a6 5. Qc2 g6 6. Nf3 Bg7 7. Bd3 O-O 8.
O-O b5 9. b3 Nbd7 10. Rd1 Qc7 11. a4 b4 12. Na2 dxc4 13. Bxc4 c5 14. Nxb4
Bb7 15. Bb2 Bxf3 16. gxf3 Qb7 17. Nxa6 cxd4 18. Bxd4 Rxa6 19. Bxa6 Qxa6 20.
b4 Qb7 21. Kg2 Qxb4 22. a5 e5 23. Ra4 Qb5 24. Rb1 Qd5 25. e4 Qe6 26. Be3
Qa6 27. Qc4 Qa8 28. a6 Rc8 29. Qa2 Nb8 30. Rb7 Nbd7 31. Rc4 Bf8 32. Rxc8
Qxc8 33. Rxd7 1-0

[Event "6th EICC"]
[Site "Warsaw POL"]
[Date "2005.06.29"]
[Round "11"]
[White "Gluszko,T"]
[Black "Maier,C"]
[Result "0-1"]
[WhiteElo "1977"]
[BlackElo "2387"]
[EventDate "2005.06.18"]

1. e4 e6 2. d4 d5 3. Nc3 Bb4 4. Nge2 dxe4 5. a3 Be7 6. Nxe4 Nf6 7. N2g3 Nc6
8. c3 O-O 9. Bd3 e5 10. Nxf6+ Bxf6 11. d5 Ne7 12. c4 Ng6 13. O-O Nf4 14.
Bc2 g6 15. Qf3 Bg7 16. Rb1 Qh4 17. Bxf4 exf4 18. Ne4 Be5 19. g3 Qh6 20.
gxf4 Bxf4 21. Ng3 Qg5 22. Qg2 Qh4 23. Rfe1 Bh3 24. Qf3 Rae8 25. Ba4 Re5 26.
Rxe5 Bxe5 27. b3 Bd6 28. Qc3 Qg4 29. Re1 h5 30. Re4 Qg5 31. c5 Bxg3 32.
hxg3 Qxd5 33. Qd4 Qxd4 34. Rxd4 Kg7 35. f3 Be6 36. Kf2 Kf6 37. b4 b6 38.
Rf4+ Ke7 39. Ke3 Rd8 40. Rd4 Rxd4 41. Kxd4 g5 42. Bc6 Kf6 43. cxb6 cxb6 44.
Ke4 Bh3 45. Ke3 Ke5 46. Bb7 Be6 47. Ba6 h4 48. g4 f6 49. Bb5 Bd5 50. Bf1
Bc6 51. Bc4 h3 52. Bf1 h2 53. Bg2 Bb5 54. Bh1 Bc4 55. Bg2 Bf1 56. Bh1 Bh3
57. a4 a5 58. bxa5 bxa5 59. Ke2 Kf4 60. Kf2 f5 61. gxf5 Bxf5 62. Bg2 Bd7
63. Bh1 Bxa4 64. Kg2 Bc6 65. Kxh2 0-1

[Event "6th EICC"]
[Site "Warsaw POL"]
[Date "2005.06.29"]
[Round "11"]
[White "Murtez,H"]
[Black "Kachur,A"]
[Result "1-0"]
[WhiteElo "2354"]
[BlackElo "2281"]
[EventDate "2005.06.18"]

1. e4 c5 2. Nf3 e6 3. d4 cxd4 4. Nxd4 a6 5. c4 Nf6 6. Nc3 Bb4 7. Bd3 Nc6 8.
Nc2 Bc5 9. O-O d6 10. Be2 O-O 11. a3 e5 12. b4 Ba7 13. Qd3 Be6 14. Be3 Rc8
15. Nd5 Bxe3 16. Ndxe3 Qb6 17. Rfd1 a5 18. Nd5 Bxd5 19. cxd5 Nb8 20. Ne3
axb4 21. Rab1 Qc7 22. axb4 Qc3 23. Nf5 Qxd3 24. Bxd3 Rcd8 25. Rdc1 g6 26.
Ne3 Ne8 27. Ra1 f6 28. Bb5 Rf7 29. Ra7 Kf8 30. f3 f5 31. exf5 gxf5 32. Bd3
Ng7 33. Ra8 Ke8 34. Nc4 Ke7 35. Nb6 Na6 36. Nc8+ Kf6 37. Bxa6 bxa6 38. Rxa6
Ne8 39. b5 Rb7 40. b6 f4 41. Kf2 e4 42. fxe4 Ke5 43. Kf3 Rdd7 44. Na7 Rg7
45. Rc8 Rg8 46. Nc6+ Kf6 47. Rca8 1-0

[Event "6th EICC"]
[Site "Warsaw POL"]
[Date "2005.06.29"]
[Round "11"]
[White "Rutkowski,M"]
[Black "Praszak,M"]
[Result "1-0"]
[WhiteElo "2346"]
[BlackElo "2261"]
[EventDate "2005.06.18"]

1. e4 c5 2. Nf3 d6 3. d4 cxd4 4. Nxd4 Nf6 5. Nc3 g6 6. g3 Bg7 7. Bg2 O-O 8.
O-O Nbd7 9. Nd5 a6 10. a4 Rb8 11. h3 e5 12. Ne2 Nxd5 13. Qxd5 Nf6 14. Qd3
d5 15. exd5 Bf5 16. Qd1 Qc8 17. c3 Bxh3 18. Bg5 Bxg2 19. Kxg2 Qc4 20. Bxf6
Bxf6 21. b3 Qe4+ 22. f3 Qe3 23. Ra2 b5 24. axb5 axb5 25. Qd2 Qc5 26. Ra6
Rb6 27. Rxb6 Qxb6 28. Rd1 h5 29. d6 Kg7 30. c4 bxc4 31. bxc4 h4 32. gxh4
Bxh4 33. Ng3 Ra8 34. Qc3 Qc5 35. d7 f5 36. Ra1 Bxg3 37. Kxg3 f4+ 38. Kg2
Rh8 39. Rd1 Qe7 40. d8=Q Rxd8 41. Rxd8 Qg5+ 42. Kf2 Qxd8 43. Qxe5+ Kh7 44.
Qxf4 Qb6+ 45. Kg2 Qb2+ 46. Kg3 Qc3 47. Qf7+ Kh6 48. Qd5 Qe1+ 49. Kf4 Qh4+
50. Ke5 Qe7+ 51. Kd4 Qb4 52. Kd3 Qb3+ 53. Ke4 Qb4 54. Kf4 Qf8+ 55. Kg3 Qb8+
56. f4 Qb3+ 57. Kg4 Qc2 58. Qg5+ Kh7 59. Qe7+ Kh6 60. Qf8+ Kh7 61. Qe7+ Kh6
62. Qg5+ Kh7 63. Qd5 Qe2+ 64. Kg3 Qe3+ 65. Qf3 Qg1+ 66. Kh3 Qd4 67. Qf1
Qe3+ 68. Kg4 Qe4 69. Qh3+ Kg7 70. Qc3+ Kh7 71. c5 Qg2+ 72. Kh4 Qh2+ 73. Kg4
Qg2+ 74. Qg3 Qe4 75. Qh3+ Kg7 76. Qc3+ Kh7 77. Kg3 Qc6 78. Qd4 Kg8 79. Qd8+
Kf7 80. Qd6 Qe4 81. Kf2 Qc2+ 82. Ke3 Qc3+ 83. Ke4 Qc2+ 84. Kd4 Qa4+ 85. Ke5
Qa1+ 86. Kd5 Qa8+ 87. Ke5 Qa1+ 88. Qd4 Qe1+ 89. Kd6 Qe7+ 90. Kc6 Qe2 91.
Qd5+ Kf8 92. Qd6+ Kf7 93. Kc7 Qb5 94. Qd7+ 1-0

[Event "6th EICC"]
[Site "Warsaw POL"]
[Date "2005.06.29"]
[Round "11"]
[White "Bugajski,R"]
[Black "Kadziolka,B"]
[Result "0-1"]
[WhiteElo "2218"]
[BlackElo "2311"]
[EventDate "2005.06.18"]

1. c4 c5 2. g3 g6 3. Bg2 Bg7 4. Nc3 Nc6 5. e3 e5 6. Nge2 Nge7 7. b3 O-O 8.
Bb2 d6 9. O-O Rb8 10. d3 Be6 11. Rc1 a6 12. Qd2 b5 13. Rfd1 Qd7 14. Ne4 h6
15. f4 f5 16. Nf2 Bf7 17. Ba1 b4 18. d4 cxd4 19. exd4 e4 20. d5 Nd8 21.
Bxg7 Kxg7 22. Qd4+ Kh7 23. Bh3 Qe8 24. g4 Nb7 25. Ng3 Bg8 26. gxf5 gxf5 27.
Qa7 h5 28. c5 h4 29. Ne2 dxc5 30. d6 Nc6 31. Qxa6 Be6 32. d7 Bxd7 33. Rxd7+
Qxd7 34. Nxe4 Ra8 35. Ng5+ Kh8 36. Qc4 Rxa2 37. Bg2 Rd2 38. Rf1 Nba5 39.
Qb5 Re8 40. Bf3 c4 41. Nc1 cxb3 42. Nxb3 Nxb3 43. Bxc6 Qa7+ 44. Kh1 Ree2
45. Nf3 Nd4 46. Qxb4 Nxf3 47. Qf8+ Kh7 48. Qxf5+ Kg7 49. Qg4+ Kf6 0-1

[Event "6th EICC"]
[Site "Warsaw POL"]
[Date "2005.06.29"]
[Round "11"]
[White "Skurski,J"]
[Black "Szewczak,And"]
[Result "1-0"]
[WhiteElo "2299"]
[BlackElo "1995"]
[EventDate "2005.06.18"]

1. e4 e5 2. Nf3 Nc6 3. Bb5 a6 4. Ba4 Bc5 5. O-O b5 6. Bb3 d6 7. c3 Nf6 8.
h3 Bb7 9. Re1 O-O 10. d3 h6 11. Nbd2 Re8 12. Nf1 d5 13. exd5 Nxd5 14. d4
Bb6 15. dxe5 Na5 16. Bc2 Ne7 17. Nd4 c5 18. Ne2 Qxd1 19. Rxd1 Ng6 20. f4
Nh4 21. g3 Ng6 22. b3 Nf8 23. Be3 g5 24. Kf2 h5 25. Nd2 f6 26. b4 Nc4 27.
Nxc4 bxc4 28. bxc5 Bc7 29. exf6 g4 30. hxg4 hxg4 31. Nd4 Ba5 32. Rab1 Bd5
33. Nf5 Bf3 34. Nd6 Rxe3 35. Kxe3 Bxc3 36. Be4 Bxd1 37. Bxa8 Ba4 38. Bd5+
Kh7 39. Rh1+ Kg6 40. f5+ Kxf6 41. Ne4+ Ke5 42. Nxc3 Nd7 43. Bxc4 Bc6 44.
Rh6 Nf6 45. Rxf6 Kxf6 46. Kf4 a5 47. Bd5 Bd7 48. Ne4+ Kg7 49. Kxg4 a4 50.
Kg5 a3 51. c6 Bc8 52. Be6 Ba6 53. c7 Kh8 54. c8=Q+ Bxc8 55. Bxc8 Kg7 56.
f6+ Kf7 57. Bf5 Kg8 58. f7+ Kxf7 59. Kf4 Kg7 60. Ke5 Kh6 61. g4 Kg7 62. g5
Kf7 63. Kd6 Kf8 64. Bg6 Kg7 65. Bh5 Kf8 66. Ke6 Kg7 67. Nd6 Kf8 68. Kf6 Kg8
69. Nf7 Kh7 70. Bg6+ Kg8 71. Bf5 Kf8 72. Bh7 Ke8 73. Ne5 Kd8 74. Ke6 Kc7
75. Nd7 Kc6 76. Bd3 Kc7 77. Bb5 Kd8 78. Kd6 Ke8 79. Bc4 Kd8 80. Bf7 Kc8 81.
Nc5 Kb8 82. Kc6 Ka7 83. Be6 Kb8 84. Kb6 Ka8 85. Bh3 Kb8 86. Na6+ 1-0

[Event "6th EICC"]
[Site "Warsaw POL"]
[Date "2005.06.29"]
[Round "11"]
[White "Azimi,R"]
[Black "Sliwinski,M"]
[Result "1-0"]
[WhiteElo "2144"]
[BlackElo "2186"]
[EventDate "2005.06.18"]

1. e4 c5 2. Nf3 Nc6 3. d4 cxd4 4. Nxd4 Nf6 5. Nc3 e5 6. Ndb5 d6 7. Bg5 a6
8. Na3 b5 9. Bxf6 gxf6 10. Nd5 f5 11. Bxb5 axb5 12. Nxb5 Ra7 13. Nxa7 Nxa7
14. c4 Nc6 15. O-O Bg7 16. b4 O-O 17. a4 f4 18. a5 Be6 19. a6 Bxd5 20. cxd5
Na7 21. Qa4 Bf6 22. Rfc1 Kh8 23. Rc3 Rg8 24. Rac1 Bh4 25. g3 Qb6 26. Kf1
Bg5 27. R1c2 Qd4 28. Qd7 Qd1+ 29. Kg2 f3+ 30. Rxf3 Qxc2 31. Qxa7 Qxe4 32.
Qxf7 Qxb4 33. a7 Qa5 34. Rb3 Rg7 35. Rb8+ Bd8 36. Qf8+ Rg8 37. Qxg8+ 1-0

[Event "6th EICC"]
[Site "Warsaw POL"]
[Date "2005.06.29"]
[Round "11"]
[White "Wojcicki,L"]
[Black "Krzymowski,A"]
[Result "0-1"]
[WhiteElo "1833"]
[BlackElo "2034"]
[EventDate "2005.06.18"]

1. d4 g6 2. e4 c5 3. Nf3 cxd4 4. Nxd4 Nc6 5. Nc3 Bg7 6. Be3 Nf6 7. Bc4 O-O
8. O-O d6 9. f4 Qb6 10. Bb3 Nxe4 11. Nf5 Nxc3 12. bxc3 Qa5 13. Nxg7 Qxc3
14. Qc1 Qxg7 15. Kh1 Bf5 16. Qd2 Rac8 17. Rae1 b6 18. Ba4 Qb2 19. c3 Qxd2
20. Bxd2 e6 21. h3 d5 22. Be3 Na5 23. Bd4 Bd3 24. Rf3 Be4 25. Rf2 Nc4 26.
Bb5 Nd6 27. Ba4 Rc4 28. Bb3 Rc7 29. Be5 Rd7 30. Rd2 Nf5 31. Kh2 Rdd8 32. g4
Nh4 33. Bd1 Nf3+ 34. Bxf3 Bxf3 35. Bf6 Rc8 36. Kg3 Be4 37. Re3 Rc4 38. Rb2
Rfc8 39. g5 Ra4 40. h4 Rcc4 41. Be5 Ra3 42. Ree2 Bf5 43. Rb3 Raa4 44. Rd2
Re4 45. Bd4 Re1 46. Rbb2 Rh1 47. Rh2 Rxh2 48. Rxh2 Bb1 49. h5 Rxa2 50. Rxa2
Bxa2 51. h6 Kf8 52. Kf2 Ke7 53. Ke2 Kd6 54. Kd2 Kc6 55. Kc2 Kb5 56. Kb2 Bc4
57. Ka3 Be2 58. Be5 Bd1 59. Bf6 Kc4 60. Bd4 b5 61. Be5 a5 62. Bf6 Kd3 63.
Bg7 Kc4 64. Be5 d4 65. cxd4 b4+ 66. Kb2 a4 67. Ka2 Kd3 68. Kb2 a3+ 69. Ka2
Kc2 70. d5 exd5 71. Bg7 Be2 0-1